| 000 | 00963nam0a22002771 4500 | ||
|---|---|---|---|
| 001 | RU\NLR\INFOCOMM_41\5000253970 | ||
| 005 | 20250613091550.0 | ||
| 035 | _a(NLR Aleph) 009114070 | ||
| 090 |
_a8178678 _c8178678 |
||
| 100 | _a20090218d1980 |||y0rusy50 ca | ||
| 101 | 0 | _aeng | |
| 102 | _aRU | ||
| 105 | _aa ||||000|y | ||
| 200 | 1 |
_aThe cartographic triad _eSign, image, inform. _eThe Tenth Intern. cartographic conf., Tokyo, Japan, Aug. 25 - Sept. 1, 1980 _e[Report] _fBerlyant A. M. |
|
| 210 |
_aΜ. _cMoscow state univ. _d1980 |
||
| 215 |
_a11 с. _cил. _d21 см |
||
| 300 | _aНа тит. л.: Recommended by the Nat. comm. of cartographers of the USSR | ||
| 320 | _aБиблиогр.: с. 11 | ||
| 686 |
_aД17 _2rubbk |
||
| 700 | 1 |
_9z01790 _aBerljant _bA. M. _gAleksandr Michajlovič _4070 |
|
| 790 | 1 |
_9z01700 _aBerlyant _bA. M. _4070 |
|
| 801 | 1 |
_aRU _bNLR _c20090218 |
|
| 801 | 0 |
_aRU _bNLR _gPSBO |
|
| 852 |
_aNLR _jГф01 Д-4/24 |
||
| 942 | _cBOOK | ||
| 980 | _aNB | ||